Prognózovanie finančnej situácie podniku v kontexte finančnej analýzy podniku diplomová práca

Na minha lista:
Detalhes bibliográficos
Autor principal: Kužmová, Zuzana
Autor Corporativo: Podnikovohospodárska fakulta EU so sídlom v Košiciach. Katedra finančného riadenia podniku
Outros Autores: Lajoš, Branislav
Formato: Livro
Idioma:eslovaco
Publicado em: Košice 2015
Tags: Adicionar Tag
Sem tags, seja o primeiro a adicionar uma tag!

MARC

LEADER 00000nbm a2200000 4500
001 0202166
005 20161212094359.1
041 0 |a slo 
044 |a SK 
245 1 0 |a Prognózovanie finančnej situácie podniku v kontexte finančnej analýzy podniku  |b diplomová práca  |c Zuzana Kužmová ; školiteľ: Branislav Lajoš 
264 1 |a Košice  |c 2015 
300 |a 103 s. 
100 1 |a Kužmová, Zuzana 
700 1 |a Lajoš, Branislav 
710 2 |a Podnikovohospodárska fakulta EU so sídlom v Košiciach. Katedra finančného riadenia podniku